El modelo de cuadro organizacional Grid (Registro nro. 3066)
[ vista simple ]
| 000 -LEADER | |
|---|---|
| fixed length control field | 01266 a2200217 4500 |
| 001 - CONTROL NUMBER | |
| control field | 39538 |
| 005 - DATE AND TIME OF LATEST TRANSACTION | |
| control field | 20260407155653.0 |
| 008 - FIXED-LENGTH DATA ELEMENTS--GENERAL INFORMATION | |
| fixed length control field | 260407a1973 arg spa d |
| 003 - CONTROL NUMBER IDENTIFIER | |
| control field | AR-UNSa-BCEJYS |
| 040 ## - CATALOGING SOURCE | |
| Original cataloging agency | AR-UNSa-BCEJYS |
| Language of cataloging | spa |
| Transcribing agency | AR-UNSa-BCEJYS |
| 080 ## - UNIVERSAL DECIMAL CLASSIFICATION NUMBER | |
| Universal Decimal Classification number | 658.012.32 |
| Common auxiliary subdivision | Formas de organización, de gestión |
| 100 1# - MAIN ENTRY--PERSONAL NAME | |
| Personal name | Lopera, Jaime |
| 245 10 - TITLE STATEMENT | |
| Title | El modelo de cuadro organizacional Grid |
| 264 #1 - PRODUCTION, PUBLICATION, DISTRIBUTION, MANUFACTURE, AND COPYRIGHT NOTICE | |
| Place of production, publication, distribution, manufacture | México : |
| Name of producer, publisher, distributor, manufacturer | Centro Regional de Ayuda Técnica |
| Date of production, publication, distribution, manufacture, or copyright notice | 1973 |
| 300 ## - PHYSICAL DESCRIPTION | |
| Extent | 133 p. |
| Dimensions | 21 cm. |
| 505 ## - FORMATTED CONTENTS NOTE | |
| Formatted contents note | 1.El triple desarrollo de revolución, evolución y desarrollo sistemático - 2. Condiciones para un desarrollo sistemático - 3. El título de excelencia empresarial - 4. Qué es la excelencia a nivel empresarial - 5. Qué es la excelencia en la dirección de la empresa - 6. Los recursos humanos.Fuentes de energía organizacional - 7. Aprendizaje de la dinámica del comportamiento - 8. Reducción de las trabas para el avance cultural - 9. Diseño de las trabas para el avance cultural - 9. Diseño de un modelo ideal estratégico - 10. Explotación del potencial de empuje - 11. El desarrollo organizacion Grid en perspectiva. |
| 590 ## - LOCAL NOTE (RLIN) | |
| Local note | niveau_biblio:m niveau_hierar:0 |
| 700 1# - ADDED ENTRY--PERSONAL NAME | |
| Personal name | Blake, Robert R. |
| 700 1# - ADDED ENTRY--PERSONAL NAME | |
| Personal name | Mouton, Jane Spygley |
| 942 ## - ADDED ENTRY ELEMENTS (KOHA) | |
| Koha item type | |
| Withdrawn status | Lost status | Damaged status | Not for loan | Home library | Current library | Shelving location | Date acquired | Total checkouts | Full call number | Barcode | Date last seen | Price effective from | Koha item type |
|---|---|---|---|---|---|---|---|---|---|---|---|---|---|
| Biblioteca Prof. Eusebio Cleto del Rey | Biblioteca Prof. Eusebio Cleto del Rey | 07/04/2026 | 658.012.32 B636 | L25102 | 07/04/2026 | 07/04/2026 | Libro | ||||||
| Biblioteca Prof. Eusebio Cleto del Rey | Biblioteca Prof. Eusebio Cleto del Rey | 07/04/2026 | 658.012.32 B636 | L25108 | 07/04/2026 | 07/04/2026 | Libro |